000 00731nam a2200205Ia 4500
005 20260121110243.0
008 008 260114s9999 xx 000 0 hin d
020 _a9788132367567
037 _aEBOOK
040 _aCRL
_bhin
_cCRL
041 _ahin
_2hin
084 _qCRL
100 _aमाधव चौहान / Madhav Chauhan
_9943922
245 0 _aसामाजिक परिवर्तन और उससे जुड़ी समस्‍याएं / Samajik Parivartan Aur Usse Judi Samasyaayein
260 _bभाषा प्रकाशन / Bhasha Prakashan
_c2021
856 _uhttps://bhashaprakashan.com/product-details/379613
942 _cEBOOK
999 _c1535587
_d1535587